General and inorganic chemistry : (Record no. 101568)

MARC details
000 -LEADER
fixed length control field 00688nam a22002057a 4500
005 - DATE AND TIME OF LATEST TRANSACTION
control field 20160801113102.0
010 ## - LCCN (DPL NO)
LC control number ENG-115569
020 ## - INTERNATIONAL STANDARD BOOK NUMBER
International Standard Book Number 9789352550357
Terms of availability 495.00
035 ## - SYSTEM CONTROL NUMBER
System control number EN-99100
037 ## - SOURCE OF ACQUISITION
Source of stock number/acquisition DBAD/PUB
082 ## - DEWEY DECIMAL CLASSIFICATION NUMBER
Classification number 540
100 ## - MAIN ENTRY--PERSONAL NAME
Personal name Ray,Bidhan Chandra
245 ## - TITLE STATEMENT
Title General and inorganic chemistry :
Remainder of title by Bidhan Chandra Ray [and] Satyanarayan Das
Statement of responsibility, etc for undergraduate & postrgraduate studens of all leading universities /
260 ## - PUBLICATION, DISTRIBUTION, ETC. (IMPRINT)
Place of publication, distribution, etc New Delhi
Name of publisher, distributor, etc New Central Book Agency
Date of publication, distribution, etc 2016
270 ## - ADDRESS
Address 8/1,Chintamoni Das Lane
City Kolkata
Postal code 700009
300 ## - PHYSICAL DESCRIPTION
Extent 557p.
Dimensions 24cm(pbk)
490 ## - SERIES STATEMENT
Series statement Vol II
500 ## - GENERAL NOTE
General note Includes index
942 ## - ADDED ENTRY ELEMENTS (KOHA)
Source of classification or shelving scheme Dewey Decimal Classification
Item type English Books
Classification part 540
Call number suffix RAY
Holdings
Withdrawn status Lost status Not for loan Collection code Home library Current library Date acquired Source of acquisition Cost, normal purchase price Full call number Barcode Copy number Cost, replacement price Koha item type
    Not For Loan Non-fiction D.B.Act.Division Bawana 28/07/2016 DBAD/PUB 435.00 540 RAY EN-99101 1 435.00 English Books

© Delhi Public Library
Hit Counter
free hit counter